Close-Up 'L' Images Quiz Stats

Quiz Updated Jan 8, 2016

Challenge
Share
Tweet
Score 0/20 Timer 04:00
7 Plays Today
% Correct
Lion
99.8%
Leaf
98.6%
Ladder
98.6%
Lipstick
98.6%
Limousine
98.1%
Legs
97.2%
Lasagna
95.7%
Log
95.6%
Ladybug
95.5%
Lollipop
93.6%
% Correct
Lamb
93.3%
Lobster
93.2%
Locker
91.4%
Lightbulb
90%
Lava Lamp
87.4%
Ladle
86.6%
Lilypad
86.4%
Lace
75.9%
Licorice
71.3%
Lime
66.2%

You're not logged in!

Compare scores with friends on all Sporcle quizzes.
Sign Up with Email
OR
Log In

You Might Also Like...

Show Comments

Extras

Top Quizzes Today


Score Distribution

Your Account Isn't Verified!

In order to create a playlist on Sporcle, you need to verify the email address you used during registration. Go to your Sporcle Settings to finish the process.